Statistics for Super Bowl Champions 1967-2020

Click here to take the quiz!

General Stats

  • This quiz has been taken 131 times
    (102 since last reset)
  • The average score is 51 of 54

Answer Stats

HintAnswer% Correct
2018Eagles
99%
2020Chiefs
98%
1970Chiefs
98%
1968Packers
98%
2011Packers
98%
1997Packers
98%
1967Packers
98%
2005Patriots
98%
2002Patriots
98%
2019Patriots
98%
2017Patriots
98%
2015Patriots
98%
2004Patriots
98%
2016Broncos
97%
1998Broncos
97%
1999Broncos
97%
2014Seahawks
97%
198949ers
95%
198249ers
95%
199549ers
95%
198549ers
95%
199049ers
95%
1986Bears
95%
2007Colts
95%
1994Cowboys
95%
1996Cowboys
95%
1972Cowboys
95%
1993Cowboys
95%
1978Cowboys
95%
1991Giants
95%
1987Giants
95%
2012Giants
95%
2008Giants
95%
1976Steelers
95%
1975Steelers
95%
1979Steelers
95%
1980Steelers
95%
2009Steelers
95%
2006Steelers
95%
1973Dolphins
94%
1974Dolphins
94%
1969Jets
93%
2000Rams
93%
2010Saints
93%
1984Raiders
92%
1977Raiders
92%
1981Raiders
92%
1971Ravens
92%
2013Ravens
92%
2001Ravens
92%
1983Redskins
90%
1988Redskins
90%
1992Redskins
90%
2003Buccaneers
86%

Score Distribution

Percentile by Number Answered

Percent of People with Each Score

Your Score History

You have not taken this quiz since the last reset